000 00956nam a22002897a 4500
001 7457
003 FISKH
005 20250716154200.0
008 250716b cb ||||| |||| 00| 0 eng d
020 _a9780812505085
040 _aFISKH
_beng
_cFISKH
_dFISKH
050 _aPZ7.S8482
082 _a823.8
100 _aStevenson, Robert Louis
245 _aTreasure island /
_cBy Robert Louis Stevenson
250 _aFirst Tor Edition : January 1990
260 _aNew York :
_bA Tom Doherty Associates Book ,
_c1990.
300 _a252 pages :
_billustrations ;
_c17 cm.
505 _aO
520 _aWhile going through the possessions of a deceased guest who owed them money, the mistress of the inn and her son find a treasure map that leads them to a pirate's fortune.
521 8 _a610
_bLexile
521 8 _aO
_bRaz-Plus
650 _aPirates
_vFiction
650 _aNovel
_vFiction
942 _2ddc
_cBK
_n0
999 _c7457
_d7457